[Event "MVP-ch Seniors op 18th"]
[Site "Ostseebad Binz"]
[Date "2018.12.05"]
[Round "8"]
[White "Goertz, Hans Georg"]
[Black "Wagner, Ingolf"]
[Result "1-0"]
[WhiteElo "1947"]
[BlackElo "1838"]
[PlyCount "57"]
[EventDate "2018.11.28"]
[EventType "swiss"]
[EventRounds "9"]
[EventCountry "GER"]
[SourceTitle "CBM 188 Extra"]
[Source "ChessBase"]
[SourceDate "2019.02.26"]
[SourceVersion "1"]
[SourceVersionDate "2019.02.26"]
[SourceQuality "1"]

1. d4 Nf6 2. c4 e6 3. Nc3 d5 4. e3 a6 5. Nf3 dxc4 6. Bxc4 b5 7. Be2 Bb7 8. 0-0 Nbd7 9. b3 Nb6 10. Bb2 Be7 11. Rc1 0-0 12. Ne5 Rc8 13. Bf3 Nbd5 14. Nxd5 Bxd5 15. Bxd5 Qxd5 16. Qe2 Bd6 17. Rfd1 Rfd8 18. f3 Ne8 19. e4 Qb7 20. Nc6 Rd7 21. Kh1 Bf4 22. Rc2 Bg5 23. Rc5 Rd6 24. Qc2 Kf8 25. Ba3 Be7 26. Nxe7 Kxe7 27. e5 Kd7 28. exd6 cxd6 29. Rxc8 1-0

[Event "MVP-ch Seniors op 18th"]
[Site "Ostseebad Binz"]
[Date "2018.12.03"]
[Round "6"]
[White "Goertz, Hans Georg"]
[Black "Kluger, Hans Peter"]
[Result "1/2-1/2"]
[WhiteElo "1947"]
[BlackElo "1863"]
[PlyCount "102"]
[EventDate "2018.11.28"]
[EventType "swiss"]
[EventRounds "9"]
[EventCountry "GER"]
[SourceTitle "CBM 188 Extra"]
[Source "ChessBase"]
[SourceDate "2019.02.26"]
[SourceVersion "1"]
[SourceVersionDate "2019.02.26"]
[SourceQuality "1"]

1. d4 d5 2. Nf3 Nf6 3. g3 g6 4. Bg2 Bg7 5. b3 0-0 6. c4 c5 7. Bb2 dxc4 8. bxc4 cxd4 9. 0-0 Nc6 10. Nxd4 Nxd4 11. Bxd4 Qc7 12. Qb3 e5 13. Bb2 Rb8 14. a4 Be6 15. Na3 a6 16. Rac1 Nd7 17. Bd5 Nc5 18. Qc2 Bd7 19. e4 Bxa4 20. Qe2 Kh8 21. Nb1 f5 22. Nc3 Bd7 23. Ba3 f4 24. Rb1 b6 25. f3 Bh3 26. Rfc1 Qd6 27. Na4 fxg3 28. hxg3 Bd7 29. Nxc5 bxc5 30. Qe3 Rxb1 31. Rxb1 Rc8 32. Rb7 Bf8 33. Kg2 Rc7 34. Rb8 Kg7 35. f4 Ra7 36. Rb1 Be6 37. Bb2 Qe7 38. Bxe5+ Kg8 39. Rb8 Bxd5 40. cxd5 Rb7 41. d6 Qf7 42. Rxb7 Qxb7 43. Qxc5 Qxe4+ 44. Kf2 Qd3 45. Bd4 Qd2+ 46. Kf3 Qd3+ 47. Kg2 Qe2+ 48. Kg1 Qe6 49. Be5 h5 50. Qc7 Qd5 51. Qc2 Kh7 1/2-1/2

[Event "MVP-ch Seniors op 18th"]
[Site "Ostseebad Binz"]
[Date "2018.12.02"]
[Round "5"]
[White "Daeubler, Heinrich"]
[Black "Goertz, Hans Georg"]
[Result "1-0"]
[WhiteElo "2156"]
[BlackElo "1947"]
[PlyCount "79"]
[EventDate "2018.11.28"]
[EventType "swiss"]
[EventRounds "9"]
[EventCountry "GER"]
[SourceTitle "CBM 188 Extra"]
[Source "ChessBase"]
[SourceDate "2019.02.26"]
[SourceVersion "1"]
[SourceVersionDate "2019.02.26"]
[SourceQuality "1"]

1. d4 Nf6 2. c4 d6 3. Nc3 g6 4. e4 Bg7 5. Nge2 0-0 6. Ng3 Na6 7. Be2 c5 8. d5 Bd7 9. Bf4 Nc7 10. Qd2 a6 11. Bh6 b5 12. h4 b4 13. Nd1 Nce8 14. h5 Bxh6 15. Qxh6 e5 16. Ne3 Qe7 17. 0-0-0 a5 18. Rh2 a4 19. Rdh1 a3 20. b3 Ra7 21. Rh4 Bc8 22. Bf3 Rc7 23. Ne2 Kh8 24. hxg6 fxg6 25. Qxg6 Qg7 26. Qxg7+ Rxg7 27. Ng3 Rgf7 28. Ngf5 Bxf5 29. Nxf5 Rd7 30. g4 Ng7 31. g5 Nxf5 32. exf5 Ng8 33. Bg4 Rc7 34. f6 Nxf6 35. gxf6 Rxf6 36. R1h2 Rg7 37. Kd2 Rf4 38. f3 e4 39. Ke3 Rf8 40. fxe4 1-0

[Event "Arber Seniors op 6th"]
[Site "Bayerisch Eisenstein"]
[Date "2018.08.01"]
[Round "5"]
[White "Mueller, Aloys"]
[Black "Goertz, Hans Georg"]
[Result "1/2-1/2"]
[WhiteElo "1688"]
[BlackElo "1968"]
[PlyCount "79"]
[EventDate "2018.07.28"]
[EventType "swiss"]
[EventRounds "9"]
[EventCountry "GER"]
[SourceTitle "CBM 185 Extra"]
[Source "ChessBase"]
[SourceDate "2018.07.29"]
[SourceVersion "1"]
[SourceVersionDate "2018.07.29"]
[SourceQuality "1"]

1. e4 c5 2. Nf3 Nc6 3. d4 cxd4 4. Nxd4 d6 5. c4 Nf6 6. Nc3 g6 7. Be2 Bg7 8. Be3 0-0 9. 0-0 Bd7 10. Rc1 Rc8 11. f3 Nxd4 12. Bxd4 b6 13. Qd2 Bc6 14. Rfd1 Ne8 15. Nd5 e5 16. Bf2 Bd7 17. b4 f5 18. c5 dxc5 19. bxc5 b5 20. Ne7+ Qxe7 21. Qxd7 Qxd7 22. Rxd7 a6 23. Ra7 Rc6 24. Bd1 Nf6 25. Bb3+ Kh8 26. Bd5 Rcc8 27. c6 Nxd5 28. exd5 Rfd8 29. Rxa6 Rxd5 30. c7 e4 31. fxe4 fxe4 32. Kf1 Be5 33. Rb6 Bxc7 34. Rbc6 Rf8 35. Rxc7 e3 36. Rc8 Rdf5 37. Rxf8+ Rxf8 38. Rc2 exf2 39. Rxf2 Rxf2+ 40. Kxf2 1/2-1/2

[Event "Arber Seniors op 6th"]
[Site "Bayerisch Eisenstein"]
[Date "2018.07.30"]
[Round "3"]
[White "Hiby, Harald"]
[Black "Goertz, Hans Georg"]
[Result "1/2-1/2"]
[WhiteElo "1796"]
[BlackElo "1968"]
[PlyCount "82"]
[EventDate "2018.07.28"]
[EventType "swiss"]
[EventRounds "9"]
[EventCountry "GER"]
[SourceTitle "CBM 185 Extra"]
[Source "ChessBase"]
[SourceDate "2018.07.29"]
[SourceVersion "1"]
[SourceVersionDate "2018.07.29"]
[SourceQuality "1"]

1. d4 Nf6 2. c4 d5 3. Nc3 e6 4. Nf3 Be7 5. e3 0-0 6. Bd3 b6 7. 0-0 Bb7 8. b3 Nbd7 9. Bb2 Ne4 10. cxd5 Nxc3 11. Bxc3 exd5 12. Bb2 Bd6 13. Rc1 Rc8 14. Qe2 Qe7 15. Bf5 g6 16. Bd3 c5 17. Ba6 Bxa6 18. Qxa6 Bb8 19. Rfe1 Rc6 20. Qd3 Qd6 21. Red1 Rd8 22. dxc5 Nxc5 23. Qd4 f6 24. b4 Ne4 25. b5 Rc4 26. Qxc4 dxc4 27. Rxd6 Rxd6 28. Nd4 Rd5 29. Rxc4 Be5 30. a4 Nc5 31. g3 Rd7 32. Kf1 Kf7 33. Ke2 Ne6 34. f4 Bxd4 35. exd4 Nc7 36. Kd3 Ne8 37. Ba3 h5 38. h4 f5 39. Rc8 Nf6 40. Bb4 Ne4 41. Be1 Nc5+ 1/2-1/2

[Event "Schleswig Holstein-ch Seniors op 11th"]
[Site "Buesum"]
[Date "2017.09.13"]
[Round "6"]
[White "Postler, Reinhard"]
[Black "Goertz, Hans Georg"]
[Result "1-0"]
[WhiteElo "2221"]
[BlackElo "1998"]
[PlyCount "51"]
[EventDate "2017.09.08"]
[EventType "swiss"]
[EventRounds "9"]
[EventCountry "GER"]
[SourceTitle "EXT 2019"]
[Source "ChessBase"]
[SourceDate "2018.10.10"]
[SourceVersion "1"]
[SourceVersionDate "2018.10.10"]
[SourceQuality "1"]

1. e4 c5 2. Nf3 Nc6 3. d4 cxd4 4. Nxd4 d6 5. Nc3 Bd7 6. Be2 a6 7. 0-0 e5 8. Nb3 Nf6 9. Bg5 h6 10. Bxf6 Qxf6 11. Nd5 Qd8 12. Bg4 Rb8 13. f4 Ne7 14. Bxd7+ Qxd7 15. fxe5 dxe5 16. Qh5 Ng6 17. Rf6 Be7 18. Rxg6 fxg6 19. Qxg6+ Kd8 20. Rd1 Bg5 21. Rd3 Rf8 22. Qb6+ Ke8 23. Nc7+ Ke7 24. Rxd7+ Kxd7 25. Nc5+ Kc8 26. Nd5 1-0

[Event "Schleswig Holstein-ch Seniors op 11th"]
[Site "Buesum"]
[Date "2017.09.10"]
[Round "3"]
[White "Goertz, Hans Georg"]
[Black "Pantel, Heinrich"]
[Result "1-0"]
[WhiteElo "1998"]
[BlackElo "1834"]
[PlyCount "99"]
[EventDate "2017.09.08"]
[EventType "swiss"]
[EventRounds "9"]
[EventCountry "GER"]
[SourceTitle "EXT 2019"]
[Source "ChessBase"]
[SourceDate "2018.10.10"]
[SourceVersion "1"]
[SourceVersionDate "2018.10.10"]
[SourceQuality "1"]

1. Nf3 d5 2. d4 c5 3. e3 Nc6 4. Be2 Bg4 5. 0-0 e6 6. b3 Bxf3 7. Bxf3 cxd4 8. exd4 Nf6 9. Bb2 Bd6 10. c4 0-0 11. Nc3 Be7 12. Ne2 Rc8 13. Rc1 Qd7 14. Nf4 Rc7 15. c5 Re8 16. Re1 Bf8 17. Nd3 Rec8 18. b4 a6 19. a3 g6 20. Ne5 Qd8 21. Nxc6 Rxc6 22. Bc3 Bg7 23. Qd3 b5 24. Ra1 Ne8 25. Bd2 Qf6 26. Bc3 Nc7 27. Be2 Qf4 28. g3 Qg5 29. Qf3 Ne8 30. h4 Qd8 31. a4 Nd6 32. axb5 Nxb5 33. Bxb5 axb5 34. Ra5 Rb8 35. Qd3 Rcc8 36. Rxb5 Qd7 37. Rxb8 Rxb8 38. Rb1 Rb5 39. Ra1 Bf8 40. Bd2 Kg7 41. Qa3 Be7 42. Qa6 Qb7 43. Qxb7 Rxb7 44. Rc1 Rb8 45. Ra1 Bd8 46. Ra7 Kf8 47. c6 Bb6 48. Rb7 Rxb7 49. cxb7 Bc7 50. Bf4 1-0

[Event "Schleswig Holstein-ch Seniors op 10th"]
[Site "Buesum"]
[Date "2016.09.27"]
[Round "2"]
[White "Goertz, Hans Georg"]
[Black "Baum, Bernd"]
[Result "0-1"]
[WhiteElo "1989"]
[BlackElo "2191"]
[PlyCount "78"]
[EventDate "2016.09.26"]
[EventType "swiss"]
[EventRounds "9"]
[EventCountry "GER"]
[SourceTitle "EXT 2019"]
[Source "ChessBase"]
[SourceDate "2018.10.10"]
[SourceVersion "1"]
[SourceVersionDate "2018.10.10"]
[SourceQuality "1"]

1. d4 d5 2. Nf3 c5 3. e3 Nf6 4. Be2 e6 5. 0-0 Be7 6. b3 0-0 7. Bb2 b6 8. Nbd2 Bb7 9. Ne5 Nfd7 10. f4 f6 11. Nxd7 Nxd7 12. Bg4 f5 13. Bf3 Qc7 14. Be2 Rac8 15. Rc1 cxd4 16. Bxd4 Ba3 17. Ra1 Qxc2 18. Bb5 Qxd1 19. Raxd1 Nb8 20. Nf3 Ba6 21. Bxa6 Nxa6 22. Rf2 Nc5 23. Re2 Ne4 24. g3 h6 25. Kg2 Rf7 26. Be5 Bd6 27. Bxd6 Nxd6 28. Nd4 Re7 29. Rdd2 Kf7 30. h3 Rec7 31. Kf3 Rc5 32. Rb2 Ne4 33. b4 Rc1 34. b5 Rg1 35. Rg2 Rf1+ 36. Ke2 Rcc1 37. Nc2 Rcd1 38. Rb3 Rh1 39. Rd3 Rc1 0-1

[Event "Hessen-ch Seniors op 12th"]
[Site "Bad Sooden-Allendorf"]
[Date "2016.05.08"]
[Round "8"]
[White "Goertz, Hans Georg"]
[Black "Knaak, Joachim"]
[Result "0-1"]
[WhiteElo "1982"]
[BlackElo "2134"]
[PlyCount "58"]
[EventDate "2016.04.30"]
[EventType "swiss"]
[EventRounds "9"]
[EventCountry "GER"]
[SourceTitle "EXT 2019"]
[Source "ChessBase"]
[SourceDate "2018.10.10"]
[SourceVersion "1"]
[SourceVersionDate "2018.10.10"]
[SourceQuality "1"]

1. Nf3 Nf6 2. d4 d5 3. g3 e6 4. Bg2 Be7 5. 0-0 0-0 6. b3 c5 7. Bb2 Nc6 8. a4 b6 9. Nbd2 Bb7 10. e3 Rc8 11. c4 Na5 12. Ne5 Nd7 13. Nxd7 Qxd7 14. cxd5 exd5 15. Re1 Bf6 16. Rb1 Rfd8 17. Qe2 c4 18. bxc4 Nxc4 19. Nxc4 Rxc4 20. a5 b5 21. Ba3 a6 22. Bc5 Re8 23. Qd2 Be7 24. Bf1 Bxc5 25. Bxc4 dxc4 26. Rbd1 Bd6 27. d5 Qe7 28. Rb1 Qe4 29. Qe2 Bxd5 0-1

[Event "Hessen-ch Seniors op 12th"]
[Site "Bad Sooden-Allendorf"]
[Date "2016.05.04"]
[Round "5"]
[White "Goertz, Hans Georg"]
[Black "Merettig, Georg"]
[Result "1-0"]
[WhiteElo "1982"]
[BlackElo "1856"]
[PlyCount "67"]
[EventDate "2016.04.30"]
[EventType "swiss"]
[EventRounds "9"]
[EventCountry "GER"]
[SourceTitle "EXT 2019"]
[Source "ChessBase"]
[SourceDate "2018.10.10"]
[SourceVersion "1"]
[SourceVersionDate "2018.10.10"]
[SourceQuality "1"]

1. Nf3 Nc6 2. d4 e6 3. c4 f5 4. g3 Nf6 5. Bg2 Bb4+ 6. Nc3 Ne4 7. Bd2 0-0 8. a3 Nxd2 9. Qxd2 Be7 10. 0-0 Na5 11. Qd3 Nb3 12. Rad1 Na5 13. b4 Nc6 14. Qc2 Bf6 15. e3 Ne7 16. a4 Ng6 17. a5 c6 18. Ne2 b6 19. axb6 axb6 20. Nf4 Nxf4 21. exf4 Qe7 22. Rb1 c5 23. dxc5 bxc5 24. b5 Bb7 25. Rfe1 Ra3 26. Ne5 Bxg2 27. Kxg2 Rfa8 28. Qe2 Ra2 29. Qd3 g5 30. fxg5 Bxg5 31. Qxd7 R2a7 32. Qd3 Bf6 33. b6 Ra4 34. Qb3 1-0

[Event "Hessen-ch Seniors op 12th"]
[Site "Bad Sooden-Allendorf"]
[Date "2016.05.02"]
[Round "3"]
[White "Goertz, Hans Georg"]
[Black "Lenk, Wolfgang"]
[Result "0-1"]
[WhiteElo "1982"]
[BlackElo "2192"]
[PlyCount "32"]
[EventDate "2016.04.30"]
[EventType "swiss"]
[EventRounds "9"]
[EventCountry "GER"]
[SourceTitle "EXT 2019"]
[Source "ChessBase"]
[SourceDate "2018.10.10"]
[SourceVersion "1"]
[SourceVersionDate "2018.10.10"]
[SourceQuality "1"]

1. Nf3 Nf6 2. d4 g6 3. g3 Bg7 4. Bg2 0-0 5. c4 d6 6. Nc3 Nc6 7. d5 Na5 8. Nd2 c6 9. 0-0 cxd5 10. cxd5 Bd7 11. e4 Rc8 12. Re1 Qb6 13. Rb1 Ng4 14. Qf3 Nxf2 15. Kf1 Nh3 16. Ne2 Bg4 0-1

[Event "Hessen-ch Seniors op 09th"]
[Site "Bad Sooden-Allendorf"]
[Date "2013.04.24"]
[Round "5"]
[White "Goertz, Hans Georg"]
[Black "Rychlik, Kurt"]
[Result "1/2-1/2"]
[WhiteElo "2012"]
[BlackElo "2103"]
[PlyCount "90"]
[EventDate "2013.04.20"]
[EventType "swiss"]
[EventRounds "9"]
[EventCountry "GER"]
[SourceTitle "EXT 2019"]
[Source "ChessBase"]
[SourceDate "2018.10.10"]
[SourceVersion "1"]
[SourceVersionDate "2018.10.10"]
[SourceQuality "1"]

1. d4 g6 2. c4 Bg7 3. Nc3 d6 4. e4 Nc6 5. Be3 e5 6. d5 Nce7 7. Bd3 f5 8. exf5 Bxf5 9. Nge2 Nf6 10. Ng3 Qd7 11. Qc2 Bxd3 12. Qxd3 Ng4 13. Bg5 0-0 14. f3 Nh6 15. Nce4 Nhf5 16. Bxe7 Qxe7 17. Nxf5 gxf5 18. Ng3 Qg5 19. 0-0 h5 20. Ne2 Rae8 21. Nc3 a6 22. Kh1 h4 23. Rae1 Qg6 24. Rg1 Qh5 25. g4 hxg3 26. Rxg3 Kf7 27. Reg1 Bf6 28. Qc2 Rg8 29. Qg2 Rxg3 30. Qxg3 Qh7 31. Qf2 b6 32. Ne2 Rh8 33. Rg2 Bh4 34. Qg1 Qh6 35. b4 Bf6 36. c5 bxc5 37. bxc5 Qd2 38. cxd6 Qxd5 39. dxc7 Qb7 40. Qc1 Rc8 41. Qc4+ Ke7 42. Nc3 Qxf3 43. Nd5+ Kd6 44. Nxf6 Qd1+ 45. Rg1 Qf3+ 1/2-1/2

[Event "MVP-ch Seniors op 11th"]
[Site "Binz"]
[Date "2011.12.04"]
[Round "5.43"]
[White "Goertz, Hans Georg"]
[Black "Kolkwitz, Klaus"]
[Result "1-0"]
[WhiteElo "1821"]
[BlackElo "1644"]
[PlyCount "79"]
[EventDate "2011.11.30"]
[EventType "swiss"]
[EventRounds "9"]
[EventCountry "GER"]
[SourceTitle "EXT 2013"]
[Source "ChessBase"]
[SourceDate "2012.11.22"]
[SourceVersion "1"]
[SourceVersionDate "2012.11.22"]
[SourceQuality "1"]

1. e4 g6 2. Nf3 Bg7 3. d4 c6 4. c4 d6 5. h3 Nd7 6. Be2 e5 7. d5 Nc5 8. Nc3 Nf6 9. Qc2 a5 10. 0-0 Bd7 11. Be3 cxd5 12. Bxc5 dxc5 13. cxd5 Nh5 14. Nb5 b6 15. Nd6+ Ke7 16. Nc4 f6 17. Rad1 Nf4 18. Ne3 Nxe2+ 19. Qxe2 Qe8 20. Qc2 Kf7 21. Nc4 Qd8 22. b3 Bf8 23. Nh2 b5 24. Ne3 Rc8 25. a4 Qb6 26. axb5 Bxb5 27. Nc4 Bxc4 28. bxc4 Bd6 29. Rb1 Qc7 30. Rb5 Rb8 31. Rfb1 Rxb5 32. cxb5 Rb8 33. Qc4 Qa7 34. Nf3 a4 35. Nd2 Qa5 36. Qd3 Qd8 37. Nc4 Ra8 38. b6 Ke7 39. Qc3 Bb8 40. Na5 1-0